000
00304nam a22001337a 4500
008
170807b xxu||||| |||| 00| 0 eng d
020
_a
9780131193765
041
_a
eng
080
_2
2ND
_a
004
100
_a
33
101
_a
SHK
245
_a
MICROSOFT OFFICE FOR TEACHERS
_c
FEWELL,P.J
942
_2
udc
_c
BK
999
_c
22792
_d
22792